| 000 | 00904 a2200289 4500 | ||
|---|---|---|---|
| 999 |
_c200130385 _d30895 |
||
| 001 | 200130385 | ||
| 003 | TR-AnTOB | ||
| 005 | 20231208145424.0 | ||
| 008 | 130828s1990 tu 000 0 | ||
| 020 | _a0521381746 | ||
| 040 |
_aTR-AnTOB _cTR-AnTOB _beng _erda |
||
| 041 | _aeng | ||
| 050 | 0 | 0 |
_aPR4582 _b.C48 1990 |
| 090 | _aPR4582 .C48 1990 | ||
| 100 | 1 |
_aChittick, Kathryn, _d1953- _992688 |
|
| 245 | 1 | 0 |
_aDickens and the 1830s / _cKathryn Chittick. |
| 264 | 1 |
_aCambridge ; _aNew York : _bCambridge University Press, _c1990. |
|
| 300 |
_axiv, 208 p. ; _c23 cm. |
||
| 336 |
_2rdacontent _atext _btxt |
||
| 337 |
_2rdamedia _aunmediated _bn |
||
| 338 |
_2rdacarrier _avolume _bnc |
||
| 600 | 1 | 0 |
_aDickens, Charles, _d1812-1870 _9116968 |
| 650 | 0 |
_aNovelists, English _y19th century _vBiography _992689 |
|
| 651 | 0 |
_aGreat Britain _xHistory _yWilliam IV, 1830-1837 _vBiography _992692 |
|
| 942 |
_cBK _2lcc |
||